000
00228nam a2200085Ia 4500
245
0
_a
Winston's ice cream caper
100
_a
MARTYR, Andrew London, 1986
_9
58276
942
_c
BK
008
210817s9999 xx 000 0 und d
999
_c
267999
_d
267998